000 00611nam a2200229Ia 4500
003 OSt
005 20220924140539.0
006 a|||||r|||| 00| 0
007 ta
008 220923b |||||||| |||| 00| 0 ben d
024 _a295618
037 _cTextual
040 _aARTS
_cARTS
_bben
041 _2ben
_aben
082 _aO157,3N093x, L3.1-.5
100 _aBandopadhyay Sharadindu
_9211500
245 0 _aSharadindu amnibas
260 _c1973
650 _aBENGALI LITERATURE
942 _hO157,3N093x, L3.1-.5
_cTEXL
_2CC
999 _c444775
_d444775